Normal view
MARC view
- Examination Subjects for Engineers and builders
Entry Topical Term
001 - CONTROL NUMBER
- control field: 42529
003 - CONTROL NUMBER IDENTIFIER
- control field: NUST
005 - DATE AND TIME OF LATEST TRANSACTION
- control field: 20210314132335.0
008 - FIXED-LENGTH DATA ELEMENTS
- fixed length control field: 210314|| aca||aabn | a|a d
040 ## - CATALOGING SOURCE
- Original cataloging agency: NUST
- Transcribing agency: NUST
150 ## - HEADING--TOPICAL TERM
- Topical term or geographic name entry element: Examination Subjects for Engineers and builders
670 ## - SOURCE DATA FOUND
- Source citation: Work cat.: (NUST): Smith, M.J 42528, Soil Mechanics, 1979
